00422nam a2200169Ia 4500003000400000005001700004008004100021040000700062041001200069082001500081100002600096245002900122260004500151365001200196650002200208650002200230OSt20250801191251.0210423s1990 xx 000 0 und d cAL aEnglish a320 bBHAM aAnanthakrishna Bhat P aModern political systems aNew DelhibOxford University Pressc1990 b60cINR aPolitical Science aPolitical Science